| 000 | 00676cam a22002172a 4500 | ||
|---|---|---|---|
| 001 | 004285 | ||
| 003 | AR-FADEU | ||
| 008 | 311216n1992####xxu####################dd | ||
| 020 | _a0-87352-396-2 | ||
| 092 |
_a820 _bR312 |
||
| 245 | _aREDRAWING the boundaries : the transformation of English and American literary studies | ||
| 260 | _aNew York | ||
| 260 | _bThe modern language association of América | ||
| 260 | _c1992 | ||
| 300 | _a595 p | ||
| 500 | _aInclude bibliographical references | ||
| 700 | _aStephen, Greenblatt | ||
| 650 | _aLITERATURA INGLESA; LITERATURA NORTEAMERICANA; CRITICA LITERARIA; FRONTERAS LITERARIAS | ||
| 546 | _aInglés | ||
| 942 | _cBDGR | ||
| 999 |
_c10111 _d10111 |
||